Normal view
MARC view
- Oliveros, Hernan M.,
Entry Personal Name
001 - CONTROL NUMBER
- control field: 68248
003 - CONTROL NUMBER IDENTIFIER
- control field: OSt
005 - DATE AND TIME OF LATEST TRANSACTION
- control field: 20250930135121.0
008 - FIXED-LENGTH DATA ELEMENTS
- fixed length control field: 250930|| aca||aabn | a|a d
040 ## - CATALOGING SOURCE
- Original cataloging agency: OSt
100 ## - HEADING--PERSONAL NAME
- Personal name: Oliveros, Hernan M.,
- Relator term: author.
